Biblioteca

Zoóngoro, bailongo (Registro nro. 67789)

Detalles MARC
000 -LÍDER
Campo fijo de descripción fija 01388nam a22002657a 4500
001 - NÚMERO DE CONTROL
Campo de control BINCO
003 - IDENTIFICADOR DEL NÚMERO DE CONTROL
Campo de control CO-MdBIC
005 - FECHA Y HORA DE LA ULTIMA TRANSACCIÓN
control field 20220423204635.0
008 - ELEMENTOS DE LONGITUD FIJA -- INFORMACIÓN GENERAL
Campo fijo de descripción fija -- Información general 220423b2009 mx a|||| |||| 00| 0 spa d
020 ## - NÚMERO INTERNACIONAL NORMALIZADO PARA LIBROS
Número Internacional Normalizado del libro 9786077661016
040 ## - FUENTE DE CATALOGACIÓN
Agencia de catalogación original CO-MdBIC
Idioma de catalogación spa.
Agencia que realiza la transcripción CO-MdBIC
Agencia que realiza la modificación CO-MdBIC
041 ## - CÓDIGO DE IDIOMA
Código de idioma para texto/pista de sonido o título separado spa
082 ## - NÚMERO DE CLASIFICACIÓN DECIMAL DEWEY
Número de la edición del Dewey 22
Número de clasificación 863.7
Clave de autor-Numero de item Z43
100 ## - ASIENTO PRINCIPAL--NOMBRE PERSONAL
Nombre personal Zeferino, Zenén
245 ## - TÍTULO
Título del Material Zoóngoro, bailongo
Mención de responsabilidad, etc. /Zeferino, Zenén, escritorP
250 ## - MENCIÓN DE EDICIÓN
Mención de edición Primera edición
260 1# - PUBLICACIÓN, DISTRIBUCIÓN, ETC. (PIE DE IMPRENTA)
Lugar de publicación, distribución, etc. D.F, México:
Nombre del editor, distribuidor, etc. Ediciones el naranjo,
Fecha de publicación, distribución, etc. [2009]
260 4# - PUBLICACIÓN, DISTRIBUCIÓN, ETC. (PIE DE IMPRENTA)
Lugar de publicación, distribución, etc. © 2009
300 ## - DESCRIPCIÓN FÍSICA
Extensión 75 paginas;
Otros detalles físicos ilustraciones a color:
Dimensiones 27 cm.
490 ## - MENCIÓN DE SERIE
Mención de serie para niños lectores
500 ## - NOTA GENERAL
Nota General Mientras Leovigilda, la soñadora leona, y sus amigos se preparan para reunirse, algo terrible sucediendo en la ciénaga grande, que provoca que los animales abandonen la selva. Por suerte, Cidronio, el sabio cedro, encontrará la manera de enfrentar a esos inmóviles monstruos de aliento desagradable que han robado la tranquilidad del lugar. La magia que vive en el interior de Cidronio logrará que de los cuerpos de Leovigilda, Zancudiermo, Chalío, Jabalda, Armandillo y Burregundo brote música. Así, convertidos en instrumentos musicales, compartirán un mensaje de respeto a la naturaleza, que resonará al son del fandango.
650 #7 - ASIENTO SECUNDARIO DE MATERIA - TERMINO TEMÁTICO
9 (RLIN) 100
Término temático o nombre geográfico como elemento de entrada Educación infantil
700 ## - ASIENTO SECUNDARIO - NOMBRE PERSONAL
Nombre personal Torres Lara, Julio
Responsabilidad ilustrador
942 ## - TIPO DE MATERIAL (KOHA)
Tipo de Item KOHA Z- Libro General BINCO
Existencias
Estado de Material Estado de Perdido Forma de Clasificación Estado de Dañado No para Préstamo Biblioteca de Origen Biblioteca Permanente Fecha de Adquisición Total de Préstamos Signatura Topográfica Código de Barras Última vez visto Ejemplar/Existencia Fecha de Remplazo Tipo de Material
    Dewey Decimal Classification     Biblioteca Infantil Comunitaria BINCO Biblioteca Infantil Comunitaria BINCO 23/04/2022   863.7 Z43 B32147 23/04/2022 ej.1 23/04/2022 Z- Libro General BINCO

Biblioteca FUSBC | Teléfono: (57+4) 349 88 10 Ext. 141| WhatsApp (+57) 3005338115 
E-mail: biblioteca@unisbc.edu.co | Calle 76 87-14 Robledo Palenque, Medellín, Colombia

Con tecnología Koha